10 capitales les plus proches du Helsinki - Statistiques

Statistiques générales
  • Ce quiz a été pris 147 fois
  • Le résultat moyen est 9 sur 10
Statistiques - réponses
km Capitale % Correct
893 Moscou
99%
787 Oslo
99%
397 Stockholm
97%
1102 Berlin
95%
402 Riga
95%
84 Tallinn
94%
911 Varsovie
94%
882 Copenhague
93%
609 Vilnius
93%
713 Minsk
89%
Aucun quiz correspondant
Distribution des résultats
% des personnes avec chaque résultat
Percentile par nombre de réponses
Votre historique - résultats
Vous n’avez pas pris ce quiz